书目信息 |
| 题名: |
地球的震撼
|
|
| 作者: | 林泉 编写 | |
| 分册: | ||
| 出版信息: | 北京 地震出版社 1982 |
|
| 页数: | 106页 | |
| 开本: | 19cm | |
| 丛书名: | ||
| 单 册: | ||
| 中图分类: | P315.9 | |
| 科图分类: | ||
| 主题词: | 地震灾害 | |
| 电子资源: | ||
| ISBN: | ||
| 000 | 00670nam0 2200241 45 | |
| 001 | 0182005878 | |
| 005 | 20060726175327.82 | |
| 010 | @dCNY0.38 | |
| 091 | @aCN@b13180.174 | |
| 100 | @a19950606d1982 em y0chiy0121 ea | |
| 101 | 0 | @achi |
| 102 | @aCN@b110000 | |
| 105 | @ay z 000yy | |
| 200 | 10 | @a地球的震撼@Adi qiu de zhen han@e二十年来大地震震害选介@f林泉编写 |
| 210 | @a北京@c地震出版社@d1982 | |
| 215 | @a106页@d19cm | |
| 517 | 1 | @a二十年来大地震震害选介@Aer shi nian lai da di zhen zhen hai xuan jie |
| 606 | @a地震灾害 | |
| 690 | @aP315.9@v3 | |
| 701 | 0 | @a林泉@Alin quan@4编写 |
| 801 | 2 | @aCN@bNLC@c20060726 |
| 801 | 0 | @aCN@bTSSF |
| 905 | @dP315.9@e63 | |
| 地球的震撼:二十年来大地震震害选介/林泉编写.-北京:地震出版社,1982 |
| 106页;19cm |
| ISBN :CNY0.38 |
| ● |
| 相关链接 |
|
|
|
|
正题名:地球的震撼
索取号:P315.9/63
 
预约/预借
| 序号 | 登录号 | 条形码 | 馆藏地/架位号 | 状态 | 备注 |
| 1 | 0438668 | 204386681 | 密集书库/ [索取号:P315.9/63] | 在馆 |